The Teaching of African Languages (Record no. 2683)
[ view plain ]
| 000 -LEADER | |
|---|---|
| fixed length control field | 00343nam a22001337a 4500 |
| 008 - FIXED-LENGTH DATA ELEMENTS--GENERAL INFORMATION | |
| fixed length control field | 250325b |||||||| |||| 00| 0 eng d |
| 020 ## - INTERNATIONAL STANDARD BOOK NUMBER | |
| ISBN | 0340281715 |
| 100 ## - MAIN ENTRY--AUTHOR | |
| Author | AWONIYI Adedeji Timothy |
| 245 ## - TITLE STATEMENT | |
| Title | The Teaching of African Languages |
| 260 ## - PUBLICATION, DISTRIBUTION, ETC. (IMPRINT) | |
| Place of publication | Toronto |
| Name of publisher | Hodder & Stoughton |
| Date of publication | 1982 |
| 300 ## - COLLATION | |
| Pagination | 164p. |
| 942 ## - ADDED ENTRY ELEMENTS (KOHA) | |
| Item type | Books |
| 050 ## - LIBRARY OF CONGRESS CALL NUMBER | |
| Classification number | PL8004 |
| Item number | .A96 |
| Source of classification or shelving scheme | Not for loan | Permanent location | Current location | Date acquired | Accession No. | Full call number | Barcode. | Koha item type |
|---|---|---|---|---|---|---|---|---|
| Library of Congress Classification | Samuel Ogbemudia Main Library, University of Abuja | Samuel Ogbemudia Main Library, University of Abuja | 03/25/2025 | 90/000433 | PL8004.A96 | 2025-0975 | Books |